| 000 | 00665nam a2200181 u 4500 | ||
|---|---|---|---|
| 001 | 000125060 | ||
| 003 | AM-YEHGA | ||
| 005 | 20250617163639.0 | ||
| 008 | 990411s1961 ||||||||||||||||||||rus d | ||
| 040 | _aAM-YeHGA | ||
| 100 | 1 | _aСержанин, Иван Николаевич | |
| 245 | 1 | 0 |
_aМлекопитающие Белоруссии / _cИ.Н. Сержанин ; АН БССР. Отдел зоологии и паразитологии. |
| 250 | _a2-е изд. | ||
| 260 |
_aМинск : _bИзд-во АН БССР, _c1961. |
||
| 300 | _a318 с. | ||
| 650 | 1 | 4 | _aМлекопитающие или звери. Мамалиология |
| 090 | _c513668 | ||
| 999 |
_c510203 _d510203 |
||